[Event "Belgique (championnat equipes)"]
[Site "?"]
[Date "2004.02.01"]
[Round "8"]
[White "Van Heirzeele Daniel"]
[Black "Zaitsev Mikhail"]
[Result "0-1"]
[WhiteElo "2227"]
[BlackElo "2467"]
[PlyCount "56"]
[EventDate "2004.??.??"]
[Source "www.chesslib.no"]
[SourceDate "2004.05.04"]

1. d4 d5 2. c4 c5 3. cxd5 Nf6 4. e4 Nxe4 5. dxc5 Nxc5 6. Nc3 e5 7. Nf3 Bd6 8. Bb5+ Nbd7 9. O-O O-O 10. b4 Na6 11. a3 Nc7 12. Bc4 Nb6 13. Bb3 Bg4 14. h3 Bh5 15. Ne4 Nb5 16. Bb2 Re8 17. Ng3 Bg6 18. a4 Nc7 19. b5 Nd7 20. Re1 e4 21. Qd4 Nf6 22. Ng5 Be5 23. Qd2 Bxb2 24. Qxb2 h6 25. d6 Qxd6 26. Rad1 Qf4 27. N5xe4 Nxe4 28. Rd4 Qf6 0-1

[Event "Ch Belgium (team) 2006/07"]
[Site "Belgium"]
[Date "2007.12.08"]
[Round "7"]
[White "Goossens Etienne (BEL)"]
[Black "Zaitsev Mikhail V (RUS)"]
[Result "0-1"]
[WhiteElo "2224"]
[BlackElo "2463"]
[PlyCount "84"]
[EventDate "2007.??.??"]
[Source "www.chesslib.no"]
[SourceDate "2004.05.04"]

1. d4 d5 2. c4 c5 3. cxd5 Nf6 4. e4 Nxe4 5. dxc5 Qa5+ 6. Bd2 Nxd2 7. Qxd2 Qxc5 8. Na3 Bd7 9. Rc1 Qb6 10. Nc4 Qf6 11. Nf3 g5 12. Nce5 Bh6 13. g4 Qd6 14. h4 Bg7 15. Qxg5 Bh6 16. Bb5 Qb4+ 17. Nd2 Qxb5 18. Qxh6 Qxd5 19. Qg7 Rf8 20. O-O Qxd2 21. Rfd1 Qe2 22. Re1 Qa6 23. g5 Nc6 24. Nxc6 bxc6 25. Rxe7+ Kxe7 26. Qf6+ Ke8 27. Re1+ Be6 28. Rxe6+ fxe6 29. Qxe6+ Kd8 30. Qd6+ Kc8 31. Qxf8+ Kb7 32. Qe7+ Kb6 33. Qe3+ c5 34. Qe6+ Ka5 35. Qe1+ Kb5 36. Qe2+ c4 37. Qe5+ Ka4 38. b3+ Ka3 39. Qc3 Rb8 40. Qc1+ Kxa2 41. Qd2+ Kxb3 42. Qd1+ Ka2 0-1

[Event "Metz Open 13th"]
[Site "Metz FRA"]
[Date "1995.??.??"]
[Round "2"]
[White "Legky, Nikolay A"]
[Black "Pimenta, Antonio"]
[Result "1-0"]
[WhiteElo "2505"]
[BlackElo "2175"]
[PlyCount "63"]
[EventDate "1995.05.??"]
[Source "www.chesslib.no"]
[SourceDate "2004.05.04"]

1. d4 d5 2. c4 c5 3. cxd5 Nf6 4. Nf3 cxd4 5. Qxd4 Qxd5 6. Nc3 Qxd4 7. Nxd4 a6 8. g3 e5 9. Nb3 Bd7 10. Bg5 Bc6 11. f3 Bb4 12. Rc1 Nd5 13. Bd2 Nd7 14. Bh3 N7b6 15. Kf2 Nxc3 16. Bxc3 Bxc3 17. Rxc3 Rd8 18. Na5 Bd7 19. Nxb7 Bxh3 20. Nxd8 Kxd8 21. g4 h5 22. Rd1+ Nd7 23. Rcd3 hxg4 24. Rxd7+ Kc8 25. Ra7 Kb8 26. Rxf7 gxf3 27. exf3 Be6 28. Rxg7 Rxh2+ 29. Ke3 Rxb2 30. Rd8+ Bc8 31. Rgg8 Rc2 32. Rxc8+ 1-0

[Event "FIN-chT 9798"]
[Site "Finland"]
[Date "1997.??.??"]
[Round "2"]
[White "Manninen, Marko"]
[Black "Maki Uuro, Miikka"]
[Result "1-0"]
[WhiteElo "2380"]
[BlackElo "2295"]
[PlyCount "57"]
[EventDate "1997.??.??"]
[Source "www.chesslib.no"]
[SourceDate "2004.05.04"]

1. d4 d5 2. c4 c5 3. cxd5 Nf6 4. Nf3 cxd4 5. Qxd4 Qxd5 6. Nc3 Qxd4 7. Nxd4 Bd7 8. Ndb5 Na6 9. e4 e5 10. Bg5 Bb4 11. Bxf6 gxf6 12. O-O-O Bxc3 13. Nxc3 Nc7 14. Bc4 Be6 15. Bd5 Bxd5 16. exd5 Kd7 17. Rhe1 Rac8 18. Kb1 Rhg8 19. g3 Rg4 20. f4 Re8 21. Ne4 Rg6 22. Nc5+ Kd6 23. Nxb7+ Kd7 24. Nc5+ Kd6 25. Ne4+ Kd7 26. f5 Rh6 27. h4 Na6 28. Re3 Rb8 29. Ra3 1-0

[Event "Sparkassen op-A"]
[Site "Dortmund"]
[Date "2000.07.08"]
[Round "2"]
[White "Wyrwich, Thomas"]
[Black "Zaitsev, Mikhail"]
[Result "1/2-1/2"]
[WhiteElo "2269"]
[BlackElo "2399"]
[PlyCount "27"]
[EventDate "2000.07.07"]
[Source "www.chesslib.no"]
[SourceDate "2004.05.04"]

1. d4 d5 2. c4 c5 3. cxd5 Nf6 4. dxc5 Qxd5 5. Qxd5 Nxd5 6. e3 Nc6 7. Nf3 e5 8. e4 Nf6 9. Bb5 Bd7 10. Nc3 Bxc5 11. Bg5 Bd4 12. Nxd4 Nxd4 13. Bxd7+ Kxd7 14. Rd1 1/2-1/2

[Event "Budapest FS11 IM-B"]
[Site "Budapest"]
[Date "1994.??.??"]
[Round "6"]
[White "Szabo, Zsolt"]
[Black "Papp Z, Csaba"]
[Result "1-0"]
[WhiteElo "2345"]
[BlackElo "2320"]
[PlyCount "47"]
[EventDate "1994.11.??"]
[Source "ChessBase"]

1. d4 d5 2. c4 c5 3. cxd5 Nf6 4. e4 Nxe4 5. dxc5 Nxc5 6. Nc3 e6 7. b4 Nca6 8. Bb5+ Bd7 9. dxe6 fxe6 10. a3 Qf6 11. Bb2 Qg6 12. Bd3 Qh6 13. Nf3 Bc6 14. O-O Qf4 15. Nd4 Nc7 16. b5 Bd7 17. Be4 Bc8 18. Qh5+ Qf7 19. Qe5 Qd7 20. Nf5 Qf7 21. Rfd1 Rg8 22. Rac1 Bd7 23. Qxc7 exf5 24. Bxb7 1-0

[Event "Eikrem mem"]
[Site "Gausdal"]
[Date "1998.08.05"]
[Round "5"]
[White "Moen, Andreas"]
[Black "Westerinen, Heikki MJ"]
[Result "0-1"]
[WhiteElo "2210"]
[BlackElo "2435"]
[PlyCount "40"]
[EventDate "1998.??.??"]
[Source "www.chesslib.no"]
[SourceDate "2004.05.04"]

1. d4 d5 2. c4 c5 3. dxc5 Nf6 4. cxd5 Qxd5 5. Qxd5 Nxd5 6. e4 Nb4 7. Kd1 Be6 8. Nd2 Nxa2 9. Rxa2 Bxa2 10. b3 Nc6 11. Kc2 O-O-O 12. Ngf3 g5 13. Bb5 g4 14. Bxc6 gxf3 15. Bb5 fxg2 16. Rg1 Bh6 17. Ba4 Rhg8 18. Nc4 Bxc1 19. Kxc1 Rd3 20. Kb2 Rf3 0-1

[Event "Lloyds Bank op"]
[Site "London"]
[Date "1979.??.??"]
[Round "6"]
[White "Haik, Aldo"]
[Black "Hawes, Stephen"]
[Result "1-0"]
[WhiteElo "2435"]
[BlackElo "2200"]
[PlyCount "41"]
[EventDate "1979.08.??"]
[Source "ChessBase"]

1. d4 d5 2. c4 c5 3. Nf3 cxd4 4. cxd5 Nf6 5. Nxd4 Nxd5 6. e4 Nc7 7. Bf4 g6 8. Be5 f6 9. Bxc7 Qxc7 10. Nc3 Nc6 11. Bc4 Nxd4 12. Qxd4 Bd7 13. O-O Rc8 14. Rfd1 a6 15. Rac1 Bh6 16. Nd5 Qd8 17. Rc3 Bg7 18. Nb6 Rc6 19. Qxd7+ Qxd7 20. Nxd7 Rc7 21. Be6 1-0

[Event "Tch-SWE 2002-3"]
[Site "Sweden"]
[Date "2002.12.07"]
[Round "5"]
[White "Hjelm, Niclas"]
[Black "Berkell, Peder"]
[Result "1/2-1/2"]
[WhiteElo "2323"]
[BlackElo "2310"]
[PlyCount "57"]
[EventDate "2003.01.01"]
[Source "Roberto Alvarez"]
[SourceDate "2003.03.17"]

1. d4 d5 2. c4 c5 3. cxd5 Nf6 4. e4 Nxe4 5. dxc5 Nxc5 6. Nf3 e6 7. Nc3 exd5 8. Qxd5 Be7 9. Qxd8+ Bxd8 10. Be3 Nba6 11. Bb5+ Bd7 12. O-O Bxb5 13. Nxb5 O-O 14. Rfd1 Bf6 15. Rac1 b6 16. Bd4 Bxd4 17. Rxd4 g6 18. g3 Ne6 19. Rdc4 Rfd8 20. b4 Kg7 21. Kg2 Kf6 22. a3 Rd7 23. Nfd4 Nxd4 24. Nxd4 Re8 25. Rc6+ Kg7 26. Nb5 Re5 27. Nc7 Nxc7 28. Rxc7 Red5 29. R1c2 1/2-1/2

[Event "Berliner Sommer"]
[Site "Berlin"]
[Date "1995.??.??"]
[Round "1"]
[White "Timoshenko, Georgy"]
[Black "Schroeter, Guenter"]
[Result "1-0"]
[WhiteElo "2550"]
[BlackElo "2075"]
[PlyCount "101"]
[EventDate "1995.08.??"]
[Source "ChessBase"]

1. d4 d5 2. c4 c5 3. cxd5 Nf6 4. Nf3 cxd4 5. Qxd4 Qxd5 6. Nc3 Qxd4 7. Nxd4 a6 8. Bg5 Nbd7 9. O-O-O e6 10. f3 Be7 11. Kb1 Nb6 12. e4 Bd7 13. Be3 Na4 14. Nce2 O-O 15. g4 Rfd8 16. g5 Ne8 17. b3 Nc5 18. Ng3 e5 19. Nc2 Be6 20. Be2 g6 21. h4 Ng7 22. Bc1 Rxd1 23. Rxd1 Rd8 24. Rxd8+ Bxd8 25. Ne3 Ne8 26. Kc2 f6 27. Nd5 f5 28. b4 Nd7 29. Bc4 Kf7 30. Bb3 Nb6 31. Bb2 fxe4 32. fxe4 Nd7 33. Nf1 Nc7 34. Nfe3 b5 35. a4 Nxd5 36. exd5 Bf5+ 37. Nxf5 gxf5 38. d6+ Kg6 39. a5 h6 40. gxh6 Bxh4 41. Be6 Nf8 42. Bc8 Bg3 43. d7 Bh4 44. Bxe5 Kxh6 45. Bc7 Ne6 46. Bb6 f4 47. Bxa6 f3 48. Bxb5 Bd8 49. Bxd8 Nd4+ 50. Kd3 Nxb5 51. Bb6 1-0

[Event "Berliner Sommer"]
[Site "Berlin"]
[Date "1997.??.??"]
[Round "1"]
[White "Timoshenko, Georgy"]
[Black "Schroeter, Guenter"]
[Result "1-0"]
[WhiteElo "2570"]
[BlackElo "2055"]
[PlyCount "90"]
[EventDate "1997.08.??"]
[Source "ChessBase"]
[SourceDate "1997.09.26"]

1. d4 d5 2. c4 c5 3. cxd5 Nf6 4. e4 Nxe4 5. dxc5 Nxc5 6. Nc3 e5 7. Nf3 Bd6 8. Be3 O-O 9. Nxe5 Bxe5 10. Bxc5 Re8 11. Be2 Bg4 12. f3 Bf5 13. Bd4 Qh4+ 14. Bf2 Bxc3+ 15. bxc3 Qc4 16. Qd2 Bd3 17. Be3 Bxe2 18. Qxe2 Qxd5 19. O-O Qa5 20. Rfe1 Qxc3 21. Rac1 Qe5 22. Bxa7 Qxe2 23. Rxe2 Nc6 24. Rxe8+ Rxe8 25. Bc5 Rd8 26. h3 f6 27. Rb1 Rd7 28. Kh2 Kf7 29. a3 Ne5 30. Kg3 h5 31. h4 g5 32. hxg5 fxg5 33. Rb6 Nc6 34. Be3 g4 35. fxg4 hxg4 36. Kxg4 Ne5+ 37. Kf5 Nc4 38. Rf6+ Kg7 39. Bh6+ Kh7 40. Bf4 Nb2 41. Ke6 Rd1 42. Rh6+ Kg7 43. Rh4 Kg6 44. Rg4+ Kh5 45. Rg7 Rd8 1-0

[Event "AUT-chT 0102"]
[Site "?"]
[Date "2002.01.20"]
[Round "8"]
[White "Opl Klaus"]
[Black "Penz Harald"]
[Result "0-1"]
[WhiteElo "2263"]
[BlackElo "2351"]
[PlyCount "96"]
[EventDate "2002.??.??"]
[Source "www.chesslib.no"]
[SourceDate "2004.05.04"]

1. d4 d5 2. c4 c5 3. cxd5 Nf6 4. e4 Nxe4 5. Bb5+ Bd7 6. Bd3 Nf6 7. Qb3 Qb6 8. dxc5 Qxb3 9. axb3 Nxd5 10. Bd2 e6 11. b4 Nc6 12. Ra4 a5 13. bxa5 Ne5 14. Bc2 Bxa4 15. Bxa4+ Kd8 16. b4 Nd3+ 17. Ke2 N3xb4 18. Nf3 Bxc5 19. Rc1 Bd6 20. Nc3 Ke7 21. Rb1 Rhb8 22. Ne4 Rxa5 23. Bb3 Raa8 24. Bc4 b5 25. Bb3 f5 26. Nxd6 Kxd6 27. Nd4 Nc6 28. Nc2 Rb7 29. f3 g6 30. Rd1 Rd7 31. Be1 Ke7 32. Bh4+ Kf7 33. Kf1 Ne5 34. Bf2 Nc3 35. Re1 Nc4 36. Kg1 Rd1 37. Nd4 Rxe1+ 38. Bxe1 Nd5 39. Nxb5 Ne5 40. Bd2 Ra1+ 41. Kf2 Nd3+ 42. Ke2 Nc1+ 43. Bxc1 Rxc1 44. Nd4 Rb1 45. Kf2 Kf6 46. h4 Rb2+ 47. Kg3 Ne3 48. Bxe6 Rd2 0-1

[Event "Zadar op"]
[Site "Zadar"]
[Date "1998.??.??"]
[Round "2"]
[White "Loncar, Robert"]
[Black "Tomic, Tomislav"]
[Result "1-0"]
[WhiteElo "2405"]
[BlackElo "2205"]
[PlyCount "50"]
[EventDate "1998.??.??"]
[Source "www.chesslib.no"]
[SourceDate "2004.05.04"]

1. d4 d5 2. c4 c5 3. cxd5 Qxd5 4. Nf3 cxd4 5. Nc3 Qa5 6. Nxd4 Bd7 7. e4 Nf6 8. Bd3 a6 9. O-O Nc6 10. Nb3 Qd8 11. Bg5 e6 12. Qe2 Be7 13. Rac1 O-O 14. e5 Nd5 15. Qe4 g6 16. Bh6 Nxc3 17. Rxc3 Re8 18. Nc5 Bxc5 19. Rxc5 Qb6 20. Rfc1 Rac8 21. Qf4 f5 22. exf6 Kf7 23. Qh4 Qxb2 24. Bg7 Nd4 25. h3 Kg8 1-0

[Event "EU/MSM/V/2-09"]
[Site "EU/MSM/V/2-09"]
[Date "1994.??.??"]
[Round "?"]
[White "Clarke, Thomas M"]
[Black "Casares Ripoll, Fernando"]
[Result "1-0"]
[WhiteElo "2215"]
[BlackElo "2380"]
[PlyCount "113"]
[EventDate "1994.??.??"]
[Source "www.chesslib.no"]
[SourceDate "2004.05.04"]

1. d4 d5 2. c4 c5 3. cxd5 Nf6 4. dxc5 Qxd5 5. Qxd5 Nxd5 6. e4 Nb4 7. Na3 e5 8. Be3 N8a6 9. Bb5+ Bd7 10. O-O-O Nxa2+ 11. Kc2 Bxb5 12. Nxb5 N2b4+ 13. Kc3 Nc6 14. Nf3 Rc8 15. Nd6+ Bxd6 16. Rxd6 Nd4 17. Nxd4 exd4+ 18. Kxd4 Nxc5 19. Ke5 O-O 20. f3 Ne6 21. Rd2 Rfd8 22. Rhd1 Rxd2 23. Rxd2 a6 24. f4 Kf8 25. f5 Nc5 26. Kf4 f6 27. b4 Na4 28. Rd7 b5 29. Rd6 Rc4 30. Rxa6 Rxb4 31. Kf3 Rc4 32. Bf4 Nc5 33. Bd6+ Ke8 34. Ra8+ Kd7 35. Bxc5 Rxc5 36. Ke3 Rc2 37. g4 Rxh2 38. Ra7+ Kc6 39. Rxg7 b4 40. g5 fxg5 41. Rxg5 Kd6 42. f6 Rc2 43. e5+ Ke6 44. Rg8 Rc7 45. Re8+ Kf7 46. Rb8 Ke6 47. Kd4 Kf5 48. Kd5 Rd7+ 49. Kc6 Ra7 50. Kd6 Ra6+ 51. Ke7 Ra7+ 52. Kf8 Kxe5 53. f7 Kf6 54. Rb6+ Kg5 55. Kg8 Rxf7 56. Kxf7 h5 57. Rb5+ 1-0

[Event "Duisburg op 6th"]
[Site "?"]
[Date "1999.??.??"]
[Round "4"]
[White "Becker Marcel"]
[Black "Zaitsev Mikhail"]
[Result "0-1"]
[WhiteElo "2225"]
[BlackElo "2370"]
[PlyCount "112"]
[EventDate "1999.??.??"]
[Source "www.chesslib.no"]
[SourceDate "2004.05.04"]

1. d4 d5 2. c4 c5 3. dxc5 d4 4. Nf3 Nc6 5. e3 e5 6. exd4 exd4 7. Bd3 Bxc5 8. O-O Bg4 9. Re1+ Nge7 10. a3 a5 11. Nbd2 Bb6 12. h3 Bh5 13. Qc2 Bg6 14. Ne4 O-O 15. Neg5 h6 16. Bxg6 Nxg6 17. Ne6 fxe6 18. Qxg6 Rf6 19. Qd3 Qd6 20. Bd2 Raf8 21. b4 axb4 22. axb4 Nxb4 23. Bxb4 Qxb4 24. Rab1 Qd6 25. Qb3 Bc5 26. Qd3 b6 27. Nd2 Qf4 28. Ne4 R6f7 29. f3 Re7 30. Rb5 Rc8 31. g3 Qf7 32. Kg2 Ra7 33. Re2 Ra3 34. Rb3 Rxb3 35. Qxb3 Qd7 36. Qd3 Bf8 37. Rd2 e5 38. Rb2 Qc6 39. Nd2 Be7 40. Qb3 Bc5 41. Ne4 Rd8 42. Nf2 Ra8 43. Ra2 Ra5 44. Rxa5 bxa5 45. Qb8+ Bf8 46. Qxe5 a4 47. Qxd4 a3 48. Nd1 a2 49. Qa1 Qxc4 50. Nc3 Kh8 51. Nxa2 Qe2+ 52. Kh1 Qxf3+ 53. Kh2 Qf2+ 54. Kh1 Bd6 55. Qd1 Qxg3 56. Qe2 Qxh3+ 0-1

[Event "SWE-chT 0102"]
[Site "?"]
[Date "2001.10.14"]
[Round "3"]
[White "Tikkanen Hans"]
[Black "Berkell Peder"]
[Result "1/2-1/2"]
[WhiteElo "2266"]
[BlackElo "2310"]
[PlyCount "51"]
[EventDate "2001.??.??"]
[Source "www.chesslib.no"]
[SourceDate "2004.05.04"]

1. d4 d5 2. c4 c5 3. cxd5 Nf6 4. dxc5 Qxd5 5. Qxd5 Nxd5 6. e4 Nb4 7. Na3 e5 8. Be3 N8a6 9. Nf3 f6 10. Bxa6 Nxa6 11. Nb5 Bd7 12. Nd6+ Bxd6 13. cxd6 Bc6 14. Nd2 Kd7 15. a3 Kxd6 16. f3 b6 17. Kf2 Rhd8 18. Rac1 Rac8 19. Nb1 Ke6 20. Nc3 Nc5 21. Bxc5 bxc5 22. Rhd1 Rxd1 23. Nxd1 Ba4 24. Ne3 Rb8 25. Nc4 Rb3 26. Rc3 1/2-1/2

[Event "POL Ch 29th"]
[Site "Wroclaw POL"]
[Date "1972.02.25"]
[Round "17"]
[White "Balcerowski, Witold"]
[Black "Marszalek, Rafal"]
[Result "1-0"]
[WhiteElo "2374"]
[BlackElo "2200"]
[PlyCount "106"]
[EventDate "1972.02.06"]
[Source "www.chesslib.no"]
[SourceDate "2004.05.04"]

1. d4 d5 2. c4 c5 3. cxd5 Nf6 4. dxc5 Qxd5 5. Qxd5 Nxd5 6. e4 Nb4 7. Na3 e5 8. Be3 Be6 9. Nf3 f6 10. Bb5+ Kf7 11. O-O a6 12. Bc4 Nd7 13. Rfd1 Nxc5 14. Bxc5 Bxc5 15. Rd7+ Be7 16. Rxb7 Rac8 17. b3 Rhd8 18. Kf1 Bxc4+ 19. Nxc4 Kf8 20. Ne1 a5 21. f3 Bc5 22. a4 Nc6 23. Rc1 Rb8 24. Rxb8 Rxb8 25. Nd3 Bd4 26. Rb1 Ke7 27. Ke2 Bc3 28. Nc5 Bd4 29. Nd3 Bc3 30. Ne3 Bd4 31. Nd5+ Kd6 32. Kd2 Rb7 33. h3 f5 34. Kc2 fxe4 35. fxe4 Ne7 36. Nxe7 Kxe7 37. Kd2 Ke6 38. b4 axb4 39. Rxb4 Rc7 40. Rb5 Rc4 41. a5 Ra4 42. Rxe5+ Kd6 43. Rd5+ Kc6 44. Ke2 Bg1 45. Kf3 Ra3 46. h4 g6 47. Kf4 Bh2+ 48. g3 Bg1 49. Ne5+ Kb7 50. Rd7+ Ka6 51. Rxh7 Be3+ 52. Kg4 Bf2 53. Nf3 Kxa5 1-0

[Event "Vienna op-B"]
[Site "Vienna"]
[Date "1996.??.??"]
[Round "4"]
[White "Stajcic, Nikola"]
[Black "Strauss, Anton"]
[Result "1-0"]
[WhiteElo "2315"]
[BlackElo "2240"]
[PlyCount "51"]
[EventDate "1996.08.??"]
[Source "www.chesslib.no"]
[SourceDate "2004.05.04"]

1. d4 d5 2. c4 c5 3. cxd5 Nf6 4. Nc3 Nxd5 5. e4 Nxc3 6. bxc3 e6 7. a3 Bd7 8. Nf3 Qa5 9. Bd2 Qa4 10. Qb1 Bd6 11. Qxb7 O-O 12. Bd3 c4 13. Bb1 Na6 14. e5 Bc6 15. Bc2 Bxf3 16. Qb1 Qa5 17. gxf3 Bxe5 18. Bxh7+ Kh8 19. dxe5 Qxe5+ 20. Qe4 Qh5 21. Qxc4 Kxh7 22. Qxa6 Qxf3 23. Rg1 Rab8 24. Qe2 Qf6 25. Qh5+ Kg8 26. Qg5 1-0

[Event "Andorra op"]
[Site "Andorra"]
[Date "2001.08.30"]
[Round "1"]
[White "Lopez Martinez, Josep Manuel"]
[Black "Tomas Batet, Joan"]
[Result "1-0"]
[WhiteElo "2445"]
[BlackElo "2079"]
[PlyCount "53"]
[EventDate "2001.06.30"]
[Source "ChessBase"]
[SourceDate "2001.09.11"]

1. d4 d5 2. c4 c5 3. cxd5 Nf6 4. dxc5 Qxd5 5. Qxd5 Nxd5 6. a3 e5 7. g3 Nc6 8. e3 Bxc5 9. b4 Bd6 10. Nd2 O-O 11. Ngf3 f5 12. Bc4 Nce7 13. Bb2 b5 14. Bxb5 Bb7 15. O-O Rac8 16. Rac1 Ng6 17. Nc4 Bb8 18. Ncxe5 Nb6 19. Nxg6 hxg6 20. Nd4 Be5 21. Rxc8 Rxc8 22. Rc1 Kf7 23. Rc5 Bd6 24. Rxc8 Bxc8 25. Bc6 Be5 26. a4 Ke7 27. Nxf5+ 1-0

[Event "Oroshaza-Mako"]
[Site "Oroshaza-Mako"]
[Date "1995.??.??"]
[Round "5"]
[White "Csomos, Roland"]
[Black "Papp Z., Csaba"]
[Result "1-0"]
[WhiteElo "2200"]
[BlackElo "2320"]
[PlyCount "103"]
[EventDate "1995.??.??"]
[Source "www.chesslib.no"]
[SourceDate "2004.05.04"]

1. d4 d5 2. c4 c5 3. cxd5 Nf6 4. Nf3 cxd4 5. Qxd4 Qxd5 6. Qxd5 Nxd5 7. e4 Nb4 8. Na3 g6 9. Bd2 N8a6 10. Bc3 f6 11. Bc4 Bg4 12. Ng5 Bg7 13. f3 Bd7 14. Rd1 Bc6 15. Ne6 Kf7 16. Nc7+ e6 17. Nxa8 Rxa8 18. Rd6 Re8 19. Ke2 Bf8 20. Rd2 Nc7 21. Rhd1 Be7 22. Bb3 Nb5 23. Nxb5 Bxb5+ 24. Kf2 Na6 25. Bd4 Nc5 26. Bxc5 Bxc5+ 27. Kg3 g5 28. Rc2 Bb6 29. Bc4 Bc6 30. b4 Ba4 31. Bb3 Bxb3 32. axb3 Re7 33. Rc8 Kg7 34. h4 Kg6 35. hxg5 fxg5 36. Rg8+ Kf6 37. Kg4 Be3 38. g3 Rc7 39. Rh1 Ke5 40. Rd8 Rc3 41. Rh6 Rxb3 42. Re8 Rxb4 43. Rexe6+ Kd4 44. Rxh7 a5 45. Rc7 Kd3 46. Rd6+ Bd4 47. e5 Ke3 48. Kf5 Kxf3 49. e6 Rb5+ 50. Kg6 Be5 51. Rf7+ Kg4 52. e7 1-0

[Event "BL2-Sued 0102"]
[Site "Germany"]
[Date "2002.01.20"]
[Round "4.8"]
[White "Koch, Wolfgang Max"]
[Black "Ramlow, Marcus"]
[Result "1-0"]
[WhiteElo "2312"]
[BlackElo "2190"]
[PlyCount "41"]
[EventDate "2001.10.07"]
[Source "ChessBase"]
[SourceDate "2002.07.08"]

1. d4 d5 2. c4 c5 3. dxc5 d4 4. Nf3 Nc6 5. e3 e5 6. exd4 exd4 7. Bd3 Bxc5 8. O-O Nge7 9. Nbd2 Bg4 10. Re1 Qc7 11. a3 Bd6 12. h3 Bxf3 13. Nxf3 O-O-O 14. b4 Ng6 15. c5 Bf4 16. b5 Nce7 17. b6 axb6 18. cxb6 Qd7 19. Bxf4 Nxf4 20. Qc1+ Qc6 21. Qxf4 1-0

[Event "SWE-chT 0102"]
[Site "?"]
[Date "2002.01.19"]
[Round "6"]
[White "Brontz Alexander"]
[Black "Berkell Peder"]
[Result "0-1"]
[WhiteElo "2280"]
[BlackElo "2204"]
[PlyCount "72"]
[EventDate "2002.??.??"]
[Source "www.chesslib.no"]
[SourceDate "2004.05.04"]

1. d4 d5 2. c4 c5 3. cxd5 Nf6 4. Nf3 cxd4 5. Qxd4 Qxd5 6. Nc3 Qxd4 7. Nxd4 Bd7 8. e4 e5 9. Nb3 Bb4 10. f3 Nc6 11. Be3 O-O 12. a3 Be6 13. Nd2 Bxc3 14. bxc3 Na5 15. c4 Rfc8 16. Rc1 Nd7 17. Kf2 Nc5 18. Be2 b6 19. g4 Rc7 20. f4 exf4 21. Bxf4 Rd7 22. Rc2 Rad8 23. Be3 Nab7 24. h3 Nd3+ 25. Kg3 Nbc5 26. Rb1 f6 27. Bf3 Ne5 28. Be2 Rxd2 29. Bxd2 Rxd2 30. Rxd2 Nxe4+ 31. Kf4 Nxd2 32. Rd1 Ndxc4 33. Rd8+ Kf7 34. Ra8 g5+ 35. Ke4 a5 36. Ra7+ Kg6 0-1

[Event "HUN-ch U16"]
[Site "?"]
[Date "2000.04.17"]
[Round "4"]
[White "Jakab Attila"]
[Black "Guld Attila"]
[Result "1-0"]
[WhiteElo "2354"]
[BlackElo "2098"]
[PlyCount "79"]
[EventDate "2000.??.??"]
[Source "www.chesslib.no"]
[SourceDate "2004.05.04"]

1. d4 d5 2. c4 c5 3. cxd5 Nf6 4. e4 Nxe4 5. dxc5 Nxc5 6. Nc3 e5 7. Be3 Bf5 8. Nf3 Nbd7 9. Be2 Be7 10. O-O O-O 11. Rc1 Bf6 12. d6 e4 13. Nd4 Bg6 14. Nd5 a6 15. Rc2 Be5 16. Nf5 Ne6 17. Nde7+ Kh8 18. Qd5 Bxf5 19. Nxf5 Qf6 20. Qxe4 g6 21. Ng3 b6 22. Qc6 Rac8 23. Qxc8 Rxc8 24. Rxc8+ Kg7 25. Rd1 Nef8 26. Bxa6 h5 27. Rc2 Bxd6 28. Rc6 h4 29. Rcxd6 Qe7 30. Nf1 Nc5 31. Bd4+ Kg8 32. Bxc5 bxc5 33. Bc4 h3 34. gxh3 Qg5+ 35. Ng3 Qf4 36. b3 Nh7 37. Rxg6+ Kf8 38. Rd8+ Ke7 39. Rgd6 Ng5 40. R8d7+ 1-0

[Event "Oberliga Baden 9697"]
[Site "?"]
[Date "1996.12.15"]
[Round "4.4"]
[White "Mathonia Claude"]
[Black "Tammert Guenther"]
[Result "1-0"]
[WhiteElo "2210"]
[BlackElo "2220"]
[PlyCount "107"]
[EventDate "1996.??.??"]
[Source "www.chesslib.no"]
[SourceDate "2004.05.04"]

1. d4 d5 2. c4 c5 3. Nf3 Nf6 4. cxd5 cxd4 5. Qxd4 Qxd5 6. Nc3 Qxd4 7. Nxd4 a6 8. g3 e5 9. Nb3 Bd7 10. Bg2 Bc6 11. e4 Bb4 12. O-O O-O 13. Bd2 Nbd7 14. Nd5 Bd6 15. Bc3 Nxd5 16. exd5 Bb5 17. Rfe1 b6 18. Nd2 f5 19. Nf3 Rae8 20. Ng5 Nc5 21. Bb4 Rf6 22. Bxc5 Bxc5 23. Ne6 Bd6 24. Bf1 Bxf1 25. Kxf1 f4 26. Rac1 fxg3 27. hxg3 e4 28. g4 h5 29. Rxe4 h4 30. Rc3 Rf7 31. Kg2 Rd7 32. Ng5 Rf8 33. Ne6 Re8 34. f3 Be7 35. Rc7 Rxd5 36. Nxg7 Rd2+ 37. Kh3 Rh2+ 38. Kxh2 Bd6+ 39. Kh3 Rxe4 40. fxe4 Bxc7 41. Nf5 Be5 42. b3 Bf6 43. Nxh4 Kf7 44. Nf3 Ke6 45. g5 Bb2 46. Kg4 Bg7 47. Kf4 b5 48. e5 Bf8 49. Ke4 Be7 50. Nd4+ Kf7 51. Kf5 Ba3 52. Ne6 a5 53. Nc7 b4 54. Ne6 1-0

[Event "HUN-chT2 9394"]
[Site "HUN"]
[Date "1994.??.??"]
[Round "?"]
[White "Koczka, Zsolt"]
[Black "Papp, Zsolt"]
[Result "1/2-1/2"]
[WhiteElo "2285"]
[BlackElo "2130"]
[PlyCount "100"]
[EventDate "1993.??.??"]
[Source "www.chesslib.no"]
[SourceDate "2004.05.04"]

1. d4 d5 2. c4 c5 3. cxd5 Nf6 4. Nf3 cxd4 5. Nxd4 Nxd5 6. g3 Nb4 7. Qa4+ N8c6 8. Nxc6 Nxc6 9. Bg2 Bd7 10. O-O e5 11. Nc3 Be7 12. Qb5 Qc8 13. Nd5 Bd6 14. Qd3 Nd4 15. Nc3 Bf5 16. Ne4 Be7 17. Be3 Qc2 18. Bxd4 Qxd3 19. exd3 exd4 20. Rac1 Rc8 21. Rxc8+ Bxc8 22. Rc1 O-O 23. Rc7 Re8 24. Bf3 Kf8 25. Kg2 a6 26. a3 h6 27. Bd1 f5 28. Nd2 Bd6 29. Rc2 Bd7 30. Bf3 Rc8 31. Rc4 Ke7 32. Bxb7 Rb8 33. Bxa6 Rxb2 34. Nf3 Be6 35. Rc1 Bd5 36. Bc4 Bb7 37. Re1+ Kd8 38. Re6 Bxa3 39. Rg6 Bf8 40. h3 Kc7 41. g4 f4 42. Re6 Rc2 43. Bb5 Bb4 44. Ba4 Rd2 45. Bb5 Rb2 46. Bc4 Kd7 47. Re5 Bd2 48. Re2 Bc1 49. Rxb2 Bxb2 50. Bb3 Kd6 1/2-1/2

[Event "Seefeld op 10th"]
[Site "Seefeld"]
[Date "1999.09.19"]
[Round "9"]
[White "Dittmar, Peter"]
[Black "Frank, Albert"]
[Result "1-0"]
[WhiteElo "2363"]
[BlackElo "2051"]
[PlyCount "79"]
[EventDate "1999.09.11"]
[Source "www.chesslib.no"]
[SourceDate "2004.05.04"]

1. d4 d5 2. c4 c5 3. cxd5 cxd4 4. Qxd4 e6 5. Nc3 Nc6 6. Qd1 exd5 7. Qxd5 Be6 8. Qxd8+ Rxd8 9. e3 Nb4 10. Bb5+ Ke7 11. Kf1 g6 12. Be2 Bg7 13. Nf3 Nf6 14. Nd4 Bc8 15. a3 Nbd5 16. Bd2 Rhe8 17. Bb5 Rg8 18. Bc4 a6 19. Rc1 Rge8 20. h4 Kf8 21. g3 Nxc3 22. Bxc3 Ne4 23. Kg2 Nxc3 24. bxc3 b5 25. Be2 Bb7+ 26. Bf3 Bxf3+ 27. Kxf3 Rc8 28. Ke2 Rc4 29. Kd3 Rec8 30. Rc2 Ke8 31. Rb1 Ra4 32. Rb3 Kd7 33. Ra2 Bf8 34. Ra1 Bd6 35. Nc2 Rac4 36. Nb4 Be5 37. Rc1 a5 38. Nd5 Kd6 39. Rxb5 Kc6 40. Kxc4 1-0

[Event "ch-NED w"]
[Site "?"]
[Date "2003.06.26"]
[Round "2"]
[White "Schuurman Petra"]
[Black "Van Weersel Arlette"]
[Result "1-0"]
[WhiteElo "2293"]
[BlackElo "2096"]
[PlyCount "87"]
[EventDate "2003.??.??"]
[Source "www.chesslib.no"]
[SourceDate "2004.05.04"]

1. d4 d5 2. c4 c5 3. cxd5 Nf6 4. Nf3 cxd4 5. Qxd4 Qxd5 6. Nc3 Qa5 7. e4 Nc6 8. Bb5 Bd7 9. Qa4 Qxa4 10. Bxa4 Nb4 11. Bxd7+ Nxd7 12. O-O e5 13. Nb5 Kd8 14. Bg5+ f6 15. Rfd1 Ke7 16. Bd2 Nc6 17. Be3 a6 18. Nd6 b5 19. Rac1 Ndb8 20. Bc5 Ke6 21. Ne8 Bxc5 22. Nc7+ Ke7 23. Nxa8 Ba7 24. Nc7 Nd4 25. Nxd4 Bxd4 26. b3 Rd8 27. Kf1 Rd6 28. Nd5+ Kd8 29. Rc2 Nc6 30. Rdc1 Kd7 31. a4 h5 32. axb5 axb5 33. Ra2 f5 34. f3 g5 35. Ra8 h4 36. Rg8 g4 37. Rg7+ Kd8 38. Rc2 h3 39. Ra2 hxg2+ 40. Kxg2 gxf3+ 41. Kxf3 fxe4+ 42. Kxe4 Ke8 43. Ra8+ Rd8 44. Nc7+ 1-0